[Event "Bundesliga 1718"]
[Site "Germany"]
[Date "2018.02.04"]
[Round "8.2"]
[White "Van Foreest, Jorden"]
[Black "Dubov, Daniil"]
[Result "0-1"]
[WhiteElo "2636"]
[BlackElo "2694"]
[Annotator "Meyer,CD"]
[PlyCount "70"]
[EventDate "2017.10.21"]
[EventType "team-tourn"]
[EventRounds "15"]
[EventCountry "GER"]
[SourceTitle "CBM 183"]
[Source "ChessBase"]
[SourceDate "2018.03.14"]
[SourceVersion "1"]
[SourceVersionDate "2018.03.14"]
[SourceQuality "1"]
[WhiteTeam "Aachen"]
[BlackTeam "Werder Bremen"]
[WhiteTeamCountry "GER"]
[BlackTeamCountry "GER"]

{DUELL DER JUNGSTARS (Taktische Unschärfen) Werder Bremens Newcomer, der
russische Großmeister Daniil Dubov, hat einen prächtigen Saisonstart mit 4
aufeinanderfolgenden Siegen hingelegt. Daniil wurde 1996 in Moskau geboren und
errang 2011 den Großmeistertitel bereits im Alter von 14 Jahren. Seine
aktuelle Elo-Zahl dürfte die 2700 gerade überschritten haben.  Sein Gegner
in der vorliegenden Partie, der holländische Großmeister Jorden Van Foreest,
ist erst 18 Jahre alt. Er erhielt den GM-Titel 2016 und ist damit der jüngste
holländische Großmeister aller Zeiten. Mit einer Elo-Zahl von 2636 belegt er
Platz 4 der niederländischen Rangliste.} 1. e4 c5 2. Nf3 Nc6 3. Bb5 g6 {
Dubov gilt bereits jetzt als einer der großen Experten in der Bekämpfung des
Rossolimo-Angriffs im Sizilianer.} 4. Bxc6 ({Dieser traditionelle Tausch nebst
dem scharfen ...bxc6 wird neuerdings oft diskutiert. Indes} 4. O-O {ist nach
wie vor die meist gewählte Option. Hierzu ein spektakuläres Beispiel von der
letzten Europa Mannschaftsmeisterschaft:} Bg7 5. Re1 (5. Nc3 d6 6. e5 dxe5 7.
Bxc6+ bxc6 8. Re1 Qc7 9. d3 Nh6 10. Bxh6 Bxh6 11. Nxe5 O-O 12. Qf3 Bg7 13. Qg3
$14 {- remis, Yudin,S (2524) - Dubov,D (2660), Khanty-Mansiysk 2016}) 5... Nf6
6. e5 Nd5 7. Nc3 Nc7 8. Bxc6 dxc6 (8... bxc6 $143 9. d4 cxd4 10. Qxd4 Ne6 11.
Qh4) 9. Ne4 b6 (9... Ne6 $142) 10. Nf6+ Kf8 (10... Bxf6 $6 {überläßt Weiß
gefährliches Spiel über die dunklen Felder:} 11. exf6 Be6 (11... e6 $2 12. d4
cxd4 13. Bh6 $1 $18 {, z.B.} Qxf6 (13... c5 14. Bg7 Rg8 15. Ne5 Nd5 16. c3) 14.
Ne5 c5 15. Ng4 Qh4 16. Qf3 f5 17. Qc6+ Bd7 (17... Kd8 18. Ne5 $1) 18. Qxc7 Qxg4
19. f4) 12. d4 $5 (12. fxe7 Qxe7 $14) 12... exf6 (12... O-O $6 13. fxe7 Qxe7
14. Bf4 Rfd8 15. c3) 13. Bh6 c4 14. Nd2 $5 $36 {+/=}) 11. Ne4 Bg4 12. d3 Bxe5
$6 (12... Ne6 $142 $1) 13. Nxe5 $1 {ein Damenscheinopfer} Bxd1 14. Bh6+ Kg8 15.
Nxc6 Bxc2 16. Nxc5 bxc5 17. Nxd8 Rxd8 18. Rxe7 Ne6 19. Re1 Ba4 $6 (19... Bxd3
$142 $5) 20. Rxa7 Bc6 21. h4 Ra8 22. Rxe6 $5 {Und dies resultiert in einem
reizvollen positionellen Turmopfer!} fxe6 23. Rc7 $1 Rd8 $2 ({Schwarz stolpert
in schwieriger Lage. Die einzige Verteidigung bestand in} 23... e5 $8 {! laut
A. Giri, NIC Magazine 8/2017}) 24. Rxc6 Kf7 25. Rc7+ $1 Ke8 26. Bg5 Rb8 27.
Re7+ Kf8 28. Bf6 $16 {/+-, 1:0/58, Mamedov,R (2678) - Dubov,D (2677), EU-chT
2017}) 4... bxc6 5. O-O Bg7 6. Re1 Nh6 7. c3 O-O 8. d4 ({Keinerlei Probleme
hatte Schwarz nach} 8. h3 {:} f5 (8... d5 9. d3 c4 10. dxc4 dxe4 11. Qxd8 Rxd8
12. Rxe4 Rd1+ 13. Re1 Rxe1+ 14. Nxe1 Nf5 15. Na3 Be6 16. Nf3 Nd6 17. Nd4 Bxd4
18. cxd4 Nxc4 19. Nxc4 Bxc4 20. b3 Bd5 21. Ba3 Kf8 22. Re1 Be6 23. Rc1 Bd5 24.
Re1 Be6 25. Rc1 Bd5 26. Re1 {- remis, Rublevsky,S (2692) - Dubov,D (2644),
Sochi 2016}) 9. e5 Nf7 10. d3 Ba6 11. Na3 Rb8 12. Nc4 d6 13. e6 Bxc4 14. dxc4
Ne5 15. Nxe5 dxe5 16. Be3 Rxb2 {- remis, Mastrovasilis,D (2580) - Dubov,D 
(2660), Minsk 2017}) 8... cxd4 9. cxd4 d5 {Eine bewährte Fortsetzung: Für
die Schwäche c6 hat Schwarz ein aktives Läuferpaar.} 10. e5 f6 11. Nbd2 $5 ({
I Verflachend wirkt} 11. exf6 exf6 12. Nbd2 (12. h3 Re8) 12... Re8 13. Nb3 Nf7
14. h3 (14. Nc5 $6 Bg4) 14... Bf5 $13 {/=} (14... Nd6 $13 {/=})) ({II} 11. h3
fxe5 (11... Nf7 12. e6) 12. Nxe5 Qb6 13. b3 Nf7 14. Bf4 Nd6 15. Be3 Nf5 16. Nc3
Bxe5 17. dxe5 Nxe3 18. fxe3 Be6 19. Na4 Qc7 20. Qd4 Rf5 21. Rac1 Qxe5 22. Qxe5
Rxe5 23. Rxc6 $11 {, dennoch 1:0/40, Fedorchuk,S (2621) - Blomqvist,E (2546),
Minsk 2017}) 11... fxe5 12. Nxe5 Bxe5 13. dxe5 (13. Rxe5 $6 Ng4) 13... Qb6 14.
Nf3 Nf5 15. h3 $146 (15. Bg5 Be6 16. Qd3 (16. Qd2 c5 17. Rac1 d4 18. b3 Rac8
19. Bh6 Rf7 20. Bf4 Bd5 21. Ng5 Rg7 22. Qd3 h6 23. Ne4 g5 24. Bd2 Nh4 $15 {
- remis/41, Areshchenko,A (2672) - Wei,Y (2734), Baku 2015}) 16... c5 17. b3
Rac8 18. Rac1 d4 $13 {/=, remis/29, Garau,B (2377) - Binas,J (2357), ICCF
email 2016}) 15... c5 $5 {Schwarz bietet ein spekulatives Bauernopfer an, in
der Annahme, dass er durch die Stellungsöffnung genügend Ersatz im Spiel auf
den hellen Feldern und der langen Schrägen b7-f3 erhält.} ({I} 15... Be6 16.
Ng5 c5 $13 {/=}) ({II} 15... Bb7 16. b4 $5 {, z.B.} a5 17. bxa5 Rxa5 18. e6 c5
19. Ne5 Rfa8 20. a4 R5a7 21. Nd7 Qc6 22. Re5 $5 Rxa4 23. Rxa4 Qxa4 (23... Rxa4
$4 24. Rxf5 gxf5 25. Qh5 $18) 24. Qd2 Qb4 25. Qg5 Qh4 26. Qxh4 (26. Rxf5 $2
Qxg5 27. Rxg5 Ra1) 26... Nxh4 27. Bg5 Nf5 28. Nxc5 $13 {/=}) 16. g4 $2 {
Diese Lockerung ist - gelinde gesagt - reichlich optimistisch, schwächt den
weißen Königsflügel und provoziert feindliche Aktivitäten auf der
halboffenen f-Linie sowie insbesondere auf der langen Läuferdiagonale.} ({
Konsequent und besser war es, den Fehdehandschuh mit} 16. Qxd5+ $142 {
aufzunehmen, wonach Schwarz die Kompensation für den geopferten Bauern erst
einmal nachweisen muss, z.B.} Be6 (16... e6 $2 17. Qc4 Bb7 18. Nh2 $1 h5 (18...
Bd5 19. Qc3 h5 20. Be3 $16) 19. Qc3 Bd5 (19... Nd4 20. Bg5 $16) (19... Qc6 20.
f3 $16) 20. Be3 $16) 17. Qd3 Rad8 18. Qc3 Bd5 19. Nh2 (19. Be3 Nxe3 20. Rxe3
Bxf3 21. Rxf3 Rxf3 22. gxf3 Qb4 $11) (19. a4 Qb4 20. Ra3 Rb8 21. Qxb4 Rxb4 22.
a5 Bxf3 23. Rxf3 Rb5 $44) 19... c4 (19... h5 $143 20. Be3) 20. Be3 Qb7 21. f3
Be6 22. Bf2 Rd3 23. Qc2 Qd7 $44) 16... Ng7 17. Bg5 $6 ({Die Initiative ist
bereits auf Schwarz übergegangen, denn nun wäre} 17. Qxd5+ $142 {im Hinblick
auf} Be6 18. Qd3 (18. Qe4 Rad8) 18... Rad8 19. Qc3 Qa6 $1 (19... Bd5 20. Nh4)
20. Nh2 Rd3 21. Qxc5 Rxh3 $15 {mindestens etwas günstiger für Schwarz.})
17... Qe6 $6 ({Hier verdiente das kaltblütige} 17... Bb7 $142 $1 {den Vorzug:}
18. Bxe7 Ne6 $1 19. Bf6 (19. Bxf8 Rxf8 $17) 19... c4 (19... d4 20. Nd2) 20. Rc1
Rac8 21. Qd2 d4 $17 {mit schwarzem Vorteil}) 18. Bh4 $2 ({Von überraschender
Zähigkeit erweist sich statt dessen eine Aufstellung mit} 18. Nh4 $142 $5 {
, z.B.} d4 19. f4 Bb7 (19... Qd5 20. Qd2 Bb7 21. Kh2) 20. Kh2 a5 21. Qd2 a4 $15
{. Die komplexen taktischen Verwicklungen fordern ihren Tribut, mein
Silikonfreund geht auch mit den folgenden Ungenauigkeiten scharf ins Gericht.})
18... h6 $2 ({Entscheidender Vorteil war mit} 18... Bb7 $142 $1 {zu erzielen,
z.B.} 19. Rc1 (19. Qe2 d4) (19. Nd2 Rae8 20. Rc1 Qc6) (19. b4 d4 20. Ng5 Qd5
21. f3 c4) 19... Qc6 20. Nd4 (20. Nd2 Rf7 21. Rf1 Ne6 22. f3 Raf8 $19) 20...
Qb6 21. Nf3 d4 22. Ng5 Ne6 23. Qb3 (23. Nxe6 Qc6 $1 $19) 23... Qxb3 24. axb3
Nf4 $19) 19. Nd2 $2 ({Verpasst die günstige Gelegenheit zu} 19. b4 $5 $13 {
, z.B.} Qf7 (19... d4 $4 20. bxc5) (19... cxb4 20. Nd4) 20. Re3 g5 (20... d4 $6
21. e6 $1 Nxe6 22. Ne5 Qg7 23. Re1) 21. Bg3 d4 22. e6) 19... g5 $17 20. Bg3 c4
$2 ({Einmal mehr sollte der Läufer unverzüglich auf die kritische Diagonale
wechseln:} 20... Bb7 $17) 21. Nf3 $13 {/= [#] Womit "die Karten wieder neu
gemischt werden".} d4 $5 {Ein interessantes positionelles Bauernopfer zwecks
Öffnung der langen Schrägen, das ein Fesselungsthema auf der d-Linie
impliziert.} ({Folgende Alternativen sind auch zu beachten: I} 21... Qb6 22.
Nd4 Ne6 (22... Qxb2 $2 23. e6) 23. Nf5 Bb7 24. Nxe7+ Kh8 $5 (24... Kg7 25. Nf5+
Kh8 26. Nd6) 25. Ng6+ Kg7 26. Nxf8 Rxf8 27. Qa4 Nc5 28. Qc2 Ne6 29. Qa4 Nc5 30.
Qc2 Ne6 $11) ({II} 21... Rxf3 22. Qxf3 Bb7 23. b3 Rf8 24. Qc3 h5 $13 {/=}) 22.
Nxd4 Qb6 $5 {[#]} (22... Qd5 23. Ne2 Qc6 24. Nd4 Qd5 $11) 23. e6 $2 {Nachdem
Weiß sich glücklicherweise für kurze Zeit wieder konsolidieren durfte,
kollabiert nun nach zwei weiteren Fehlgriffen seine Stellung ziemlich schnell.}
({Eher in Betracht kamen folgende Alternativen: I} 23. Rc1 Rd8 (23... Bb7 $2
24. Rxc4 Rac8 25. Rc3 Rfd8 26. Qb3+) 24. Rxc4 Ba6 25. Qa4 Bxc4 26. Qxc4+ e6 27.
Nc6 (27. Nb5 Rab8 28. Nd6 Qxb2 29. Qe4 Rd7 30. Qg6 $13 {/=}) 27... Rd2 28. b4
$13 {/=}) ({II} 23. Re2 Bb7 24. Rd2 Rad8 25. Rc1 Rxd4 26. Rxd4 Qc6 27. f3 Rxf3
28. Rd8+ Ne8 (28... Rf8 29. Rxf8+ Kxf8 30. Qf1+ Ke8 31. Kh2 $14) 29. Qxf3 Qxf3
30. Rxe8+ Kg7 31. Rxe7+ Kg6 32. Re6+ Kg7 33. Re7+ $11 {mit
Stellungswiederholung}) 23... Bb7 $17 24. Be5 $2 ({Unbedingt versucht werden
musste} 24. Rc1 Rad8 25. Rxc4 Nxe6 26. Be5 {, wenngleich Weiß nach dem
weiteren} Rf3 $1 27. Qxf3 Bxf3 28. Nxf3 Rd3 $17 {mit dem Rücken an der Wand
kämpft:} 29. Rc8+ Nf8 $1 (29... Kh7 $143 30. Rc3 Rxc3 31. Bxc3) 30. Rb8 Qa6
31. Rb3 Rxb3 32. axb3 Qb7 33. Re3 Ne6) 24... Rad8 25. Rc1 Rxd4 $1 $19 {
Kombiniert das eingangs erwähnte Fesselungsthema mit der Besetzung der
vitalen langen Diagonale.} 26. Qxd4 (26. Bxd4 Qc6) 26... Qc6 27. Re4 Qxe4 28.
Qxe4 Bxe4 29. Rxc4 Bd5 30. Rc7 Nxe6 31. Rxa7 Rf3 32. Kf1 Rxh3 33. a4 Rd3 34.
Rxe7 Bf3 35. Kg1 Nc5 0-1

[Event "ISR-chT2"]
[Site "Israel"]
[Date "2003.02.01"]
[Round "4"]
[White "Lederer, Yoav"]
[Black "Mikhalevski, Victor"]
[Result "0-1"]
[WhiteElo "2300"]
[BlackElo "2536"]
[Annotator "Mikhalevski,V"]
[PlyCount "84"]
[EventDate "2003.01.??"]
[EventType "team"]
[EventRounds "9"]
[EventCountry "ISR"]
[SourceTitle "CBM 094"]
[Source "ChessBase"]
[SourceDate "2003.05.26"]
[SourceVersion "1"]
[SourceVersionDate "2003.05.26"]
[SourceQuality "1"]

1. e4 c5 2. Nf3 Nc6 3. Bb5 g6 4. O-O Bg7 5. Re1 Nf6 6. e5 Nd5 7. Nc3 Nc7 8.
Bxc6 dxc6 9. Ne4 Ne6 10. d3 h6 {A very rare move. I wasn't familiar with the
position, the first time I played 3...g6, so I decided to prevent Bh6-plan.} ({
Much more popular is} 10... O-O 11. Be3 b6 12. Qd2 {and now} f5 {leads to
equality. This evaluation was proved by Kasparov.} ({In case of} 12... Nd4 {
White has a slight edge.} 13. Nxd4 cxd4 14. Bh6 c5 15. Qf4 Bb7 16. Bxg7 Kxg7
17. b3 $14 {Benjamin-Ni Hua,2002 [Rabinovich,A] CBM 91}) 13. exf6 exf6 14. Bh6
a5 $1 {[%cal Ga8a7]} 15. Bxg7 Kxg7 16. Re2 Ra7 17. Rae1 Raf7 18. h4 h5 19. b3
Qc7 20. Ng3 Nd4 21. Nxd4 cxd4 22. c3 Rd8 23. Re4 dxc3 24. Qxc3 c5 25. Ne2 Bf5
26. Nf4 Qd7 27. Ne6+ Bxe6 28. Rxe6 Qxd3 29. Qxd3 $11 {1/2-1/2 Kramnik,
V-Kasparov,G/Moscow 1996/CBM 52 ext (29).}) 11. Be3 b6 12. c3 {[%csl Rg7][%cal
Gd3d4] Theoretical novelty. In the preceding games White tested 12. Qd2 and 12.
a4.} (12. Qd2 $5 {[%csl Rh6] This move with the idea to prevent a castle looks
more logical.} a5 {[%csl Gb4][%cal Ga8a7,Ga7d7]} (12... Bb7 $6 13. a4 a5 ({
It was better to sacrifice a pawn opening a long diagonal for the b7-bishop.} 
13... c4 $1 14. dxc4 c5 {[%csl Gb7,Re5]}) 14. h4 Qc7 ({And again} 14... c4 $1 {
was strong.}) 15. Bf4 O-O-O $11 {with a good position for Black. 1-0 Biyiasas,
P-Kagan,S/Petropolis 1973/IZT (40)}) (12... g5 {[%csl Re5][%cal Gg5g4]
Deserved some attention since White would have to solve problems defending the
e5-pawn. For example:} 13. Qc3 g4 {[%csl Re5]} 14. Nfd2 Qd5 {[%csl Re5]} 15. f4
$8 gxf3 16. Nxf3 Nd4 $5 $13) 13. a4 $6 Ra7 14. Rad1 Rd7 15. Qc1 Qc7 {[%csl Re5]
and Black solves opening problems:} 16. c3 g5 $5 {[%csl Re5]} (16... Bxe5 17.
Bxh6 Rd5 18. Nxe5 Qxe5 19. Nxc5 Qf5 $6 (19... Qf6 $142) 20. Nxe6 Bxe6 21. Qe3
$1 $16 {1/2-1/2 Gonzales,R-Hernandez,R/CUB 1995/CBM 46 ext (57)})) (12. a4 {
[%cal Ga4a5]} Nd4 (12... a5 $5 {preventing White's a5.}) 13. a5 Rb8 {Now White
gets the a-file.} 14. axb6 axb6 15. Nxd4 (15. Nf6+ {seems to be strong, but
after simple} Kf8 (15... exf6 16. exf6 Bxf6 17. Bxd4+ Kf8 18. Be5 $1 Rb7 19.
Qd2 {[%cal Gd2f4]} Kg7 20. Qf4 $1 $16 {with a strong pressure.}) 16. Ne4 (16.
Nxd4 cxd4 17. Bf4 Be6 {and White has to return.} 18. Ne4) 16... Kg8 {[%cal
Gg8h7] Black should be able to solve opening problems.}) 15... cxd4 16. Bf4 Be6
17. Qd2 $1 {[%csl Rh6] preventing short castling.} g5 18. Bg3 O-O 19. h4 gxh4
20. Bxh4 Qd7 21. Ng3 $1 $14 {[%csl Rg8][%cal Gg3h5] 1/2-1/2 Roj,M-Vodicka,V/
CZE 1997/EXT 99 (55)}) 12... Nc7 $5 {[%cal Gc8f5] I had been preparing
regrouping the forces.} ({Black could try to provoke d4 playing} 12... Ba6 {
[%csl Rd3]} 13. d4 Qd5 14. Qc2 O-O 15. Rad1 Rfd8 16. b3 {but I was worried
about position of my Queen on d5.} cxd4 17. cxd4 c5 $140 18. Nc3 Qb7 19. d5 Nc7
20. Qe4 $13) 13. Qa4 $1 {[%csl Rc6][%cal Ga1d1] White has been planning Rad1
followed by d4.} O-O {I have decided to take his king away from the possible
Nd6 and Nf6 ideas.} (13... Qxd3 $6 {is dangerous:} 14. Nd6+ $1 {[%csl Re8]
[%cal Ge1e8]} exd6 15. Qxc6+ (15. exd6 b5 $1 16. Qh4 g5 17. Bxg5+ Ne6 $13 {
leads to unclear complications.}) 15... Bd7 16. Qxc7 Rc8 17. Qxa7 dxe5 18. Nxe5
$1 Bxe5 19. Bf4 {with a decisive advantage.}) (13... Bf5 $5 {Black could keep
his king in the centre for some more time preventing White's main idea d4.} 14.
Rad1 Qd7 $5 {It's not so easy to evaluate this provoking move.} 15. Nf6+ $5 (
15. Ng3) 15... exf6 16. exf6 {[%csl Re8][%cal Ge1e8]} Bf8 17. Bxc5+ Ne6 18.
Bxf8 Kxf8 19. Ne5 Qd5 20. g4 {[%csl Rf5] It seems that White traps the bishop,
but...} Nc5 $1 21. Qa3 $1 {[%csl Rf8][%cal Ga3f8,Gd3d4]} (21. Qb4 $5) 21...
Bxg4 $1 {[%csl Rd1]} 22. Nxg4 Qg5 {[%csl Rg1][%cal Gg5g1]} 23. h3 h5 24. Re5 $1
Qh4 25. Rxc5 $1 (25. Nh2 Qxf6 26. d4 Kg7 {[%csl Rg1][%cal Gc5e6,Ge6f4] and
Black is OK.}) 25... Kg8 $1 (25... bxc5 26. Qxc5+ Kg8 27. Qxc6 Rb8 28. Ne3 Qxh3
29. d4 $13)) 14. Rad1 {[%cal Gd3d4]} ({After} 14. Qxc6 $6 Bd7 15. Qb7 {Black
can repeat the position:} Bc8 (15... Be6 $5 {[%cal Ge6d5]}) 16. Qc6 Bd7 $11)
14... Bg4 15. d4 {[%csl Rd8][%cal Gd1d8,Gd4c5]} ({White could force play with} 
15. Nf6+ $5 {[%cal Ga4g4]} exf6 (15... Bxf6 16. Qxg4 (16. exf6 $5 Bxf3 17. gxf3
exf6 18. Bxh6 Re8 19. Qxc6) 16... Bg7 17. Qh4 $16 {[%csl Rg8,Rh6]}) 16. exf6 {
[%csl Rg4,Rg7]} (16. Qxg4 $6 fxe5) 16... Bxf3 17. fxg7 {[%csl Rf8]} Kxg7 18.
gxf3 {[%csl Rc6,Rg7] and White has some edge since Black's king has lost its
main defender and it's also not so simple to defend the c6-pawn without losing
the h6-pawn.} Nb5 $1 {Probably the only way to keep material equality.} (18...
Qd7 $140 19. d4 $1 {[%csl Rd7][%cal Gd4c5]}) (18... Qd5 $5 19. Qf4 {[%csl Rc7,
Rh6]} Qg5+ 20. Qxg5 hxg5 21. Bxg5 Ne6 $14) 19. Qf4 $14 {[%csl Rh6]}) 15... Qc8
$1 {A positional pawn sacrifice. This is better than b5 which would weaken the
c5-square. The text move forces d-pawn to c5 making this square unavailable
for White's knight.} (15... b5 16. Qc2 {[%csl Rc5]}) 16. dxc5 b5 $1 (16... Bxf3
17. gxf3 b5 {leads to the same position. See 16...b5}) 17. Qd4 Bxf3 18. gxf3
Nd5 $5 {[%cal Gc8f5]} ({In the arising endgame after} 18... Rd8 19. Qxd8+ Qxd8
20. Rxd8+ Rxd8 21. f4 {White has an extra pawn on the Queen side. Although
it's not easy to exploit it pawn is a pawn.}) (18... Qf5 19. Qd7 $1 Qxf3 $140
$2 (19... Ne6 $142 20. Qxe7 Bxe5 21. Qh4 $14 {[%csl Rh6]}) 20. Nd2 $1 {[%csl
Rc7,Rf3]} Qh5 21. Qxc7 Bxe5 22. Qxc6 Qxh2+ 23. Kf1 {and white wins.}) 19. Ng3
$1 {[%csl Gf5]} Rd8 20. Qe4 ({White could try to provoke g5 or favourable
exchanges playing} 20. Qh4 $1 Kh7 (20... g5 21. Qe4) (20... Nxe3 21. Rxd8+ Qxd8
22. Rxe3) 21. Bd4 $14) 20... Qh3 {[%cal Ge7e6] Before playing e6 I had decided
to bring the Queen into an active position.} 21. Ne2 $1 {[%csl Rc6][%cal Ge2d4]
The knight is heading to d4.} e6 22. Kh1 $5 {[%cal Ge1g1]} Kh7 23. Nd4 {
[%csl Rc6]} (23. Bd4 $5 {[%cal Gd1d3]}) 23... Rac8 24. f4 ({In case of} 24. a4
bxa4 25. Ra1 {Black's just in time to create counterplay.} Qh5 {[%csl Re5]} 26.
Bd2 Bf8 {[%csl Rc5][%cal Gf8c5]} 27. Rxa4 Bxc5) 24... Ne7 {[%cal Ge7f5,Gf5h4,
Gd8d5] White has started to experience problems on the clock so I decided to
set a trap.} (24... Bf8 $5 {[%csl Rc5]}) 25. Bc1 {[%cal Gd1d3]} Nf5 26. Nxc6 $4
{Getting into the trap. Now Black wins the Queen for R+N with good chances for
a win.} (26. Rd3 Qh5 {[%cal Gd8d5]}) ({Atter} 26. Nxf5 gxf5 27. Qe3 Qh5 $1 28.
Rd4 Rxd4 29. cxd4 {it wouldn't be easy for White to break Black's defense.})
26... Nh4 $1 {[%csl Rh2][%cal Gh4f3] It turns out that White can't stop Nf3.}
27. Nxd8 {Only move.} ({Bad is} 27. Rxd8 $2 Nf3 28. Qxf3 Qxf3+ 29. Kg1 Rxc6 $19
) 27... Nf3 28. Qxf3 Qxf3+ 29. Kg1 {[%csl Rf7][%cal Gd8f7,Gd1d7]} Qg4+ {
I was also short of time and decided to repeat the position winning some time
for future moves.} 30. Kh1 (30. Kf1 $5) 30... Qf3+ 31. Kg1 Kg8 {[%csl Rd8]
[%cal Gf3a8] Defending the f7-pawn and creating a one-move threat Qa8.} 32. Rd7
Qg4+ ({Black could destroy White's passer right away:} 32... Rxc5 $5 33. Nxf7
Rd5 34. Rxd5 Qxd5 35. Nd6 Bf8 $1) 33. Kh1 Qh4 $1 {[%csl Rd8,Rf2] With double
attack on f2 and d8.} 34. Nxf7 Qxf2 {[%cal Gc8c5]} 35. Rg1 ({After inaccurate} 
35. Red1 {Black would have a smashing shot:} Rc7 $3 {[%csl Rh1][%cal Gf2f3]})
35... Qf3+ 36. Rg2 Qf1+ {See annotations to my 29th move.} 37. Rg1 Qf3+ 38. Rg2
Rxc5 $1 $17 {[%cal Gc5d5] Black got a clear edge.} 39. h4 $2 {Mistake in a bad
position.} Rd5 {Black wins a piece even after this move.} (39... Qf1+ {was the
simplest way to a win.} 40. Kh2 (40. Rg1 Qh3#) 40... Qxc1 41. Rxg6 Qxf4+ $19)
40. Rxd5 Qxd5 (40... exd5 {[%csl Rf7][%cal Gf3f1] was much simplier} 41. Nd6
Qf1+ {[%csl Rc1,Rh1]} 42. Kh2 (42. Rg1 Qh3#) 42... Qxc1 $19) 41. Nd6 Qd1+ 42.
Rg1 Qf3+ {Drastic changes in the position led to early resignation.} (42...
Qf3+ {White could try to continue altough Black should be able to win
eventually.} 43. Kh2 Qf2+ {[%csl Rg1,Rh4]} 44. Kh1 $8 {with some practical
chances for escape.} (44. Rg2 $2 Qxh4+ 45. Kg1 Qe1+ {[%csl Rc1,Rg1]} 46. Kh2
Qxc1) {However after} 44... Kf8 $1 {White is almost in zugzwang! He has to
give up one of his pawns.}) 0-1